Statystyki dla Lista top 10 osoba

Kliknij tutaj aby rozwiązać quiz!

Ogólne statystyki

  • Ten quiz został rozwiązany 4 razy
  • Średni wynik to 1 z 10

Statystyki odpowiedzi

% Poprawnych
6.Robert Makłowicz
50%
3.Bolesław Chrobry
25%
4.John Cena
25%
8.Howard Webb
0%
1.Jakub Janda
0%
5.Jan Kowalski
0%
7.Jan Sebastian Bach
0%
9.Rafał Brzozowski
0%
10.Robert Kubica
0%
2.Tomasz Hajto
0%

Rozkład punktacji

Percentyl według liczby udzielonych odpowiedzi

Procent ludzi z każdym wynikiem

Twoja historia wyników

Nie rozwiązałeś tego quizu